[Event "Bad Wörishofen op 2012 28th"]
[Site "Bad Wörishofen (2.3.-10.3)"]
[Date "2012.03.09"]
[Round "8.15"]
[White "Graf, Felix(93)"]
[Black "Grawe, Christian(65)"]
[Result "1-0"]
[WhiteElo "2349"]
[BlackElo "2179"]
[PlyCount "123"]
[EventDate "2012.03.??"]
[EventType "swiss"]
[EventRounds "9"]
[EventCountry "GER"]
[SourceDate "2013.02.18"]
[WhiteTeam "München Bayern FC"]
[BlackTeam "Germering SK"]

1. d4 d5 2. c4 c6 3. Nc3 dxc4 4. e4 b5 5. a4 b4 6. Na2 Nf6 7. e5 Nd5 8. Bxc4 e6
9. Nf3 a5 10. Bg5 Qb6 11. O-O Ba6 12. Qd3 Bxc4 13. Qxc4 Nd7 14. Nc1 h6 15. Be3
Be7 16. Nb3 O-O 17. Rac1 Rfc8 18. Nfd2 c5 19. dxc5 Qb8 20. Qe2 Nxe3 21. Qxe3
Qxe5 22. Qxe5 Nxe5 23. Nc4 Nd3 24. Nb6 Nxc1 25. Rxc1 Bg5 26. Rc4 Bd8 27. Nxa8
Rxa8 28. Kf1 Kf8 29. Ke2 Ke8 30. Kd3 Bf6 31. Rc2 Kd7 32. Kc4 Kc6 33. Rd2 Be7
34. Nd4+ Kc7 35. Rd3 Rd8 36. Nb5+ Kc6 37. Rxd8 Bxd8 38. Nd4+ Kc7 39. Kb5 Bf6
40. Nb3 Bxb2 41. Nxa5 e5 42. Kxb4 f5 43. Nb3 e4 44. Kc4 Be5 45. h3 g5 46. Nd4
Bh2 47. Nxf5 Bg1 48. Nd6 Bxf2 49. Nxe4 Be3 50. Kd5 h5 51. Nf6 h4 52. Ne8+ Kd8
53. Ng7 Kc8 54. Ne6 Bd2 55. c6 Be3 56. Kd6 Bd2 57. c7 Bb4+ 58. Kc6 Ba5 59. Kb5
Bd2 60. Kb6 Be3+ 61. Kc6 Bd2 62. Nd4 1-0

[Event "Bad Wörishofen op 2012 28th"]
[Site "Bad Wörishofen (2.3.-10.3)"]
[Date "2012.03.09"]
[Round "8.16"]
[White "Dewenter, Ulf"]
[Black "Donchenko, Anatoly"]
[Result "0-1"]
[WhiteElo "2071"]
[BlackElo "2306"]
[PlyCount "100"]
[EventDate "2012.03.??"]
[EventType "swiss"]
[EventRounds "9"]
[EventCountry "GER"]
[SourceDate "2013.02.18"]
[WhiteTeam "Borbeck Weiße Dame"]
[BlackTeam "Giessen SK"]

1. d4 d5 2. Nf3 Nf6 3. c4 dxc4 4. e3 e6 5. Bxc4 c5 6. O-O Qc7 7. Nc3 a6 8. Bd3
Nbd7 9. Bd2 b6 10. Rc1 Qb8 11. h3 Bb7 12. a4 Be7 13. Bc4 O-O 14. Qe2 Rd8 15.
Rfd1 Nf8 16. dxc5 Bxc5 17. Be1 Ng6 18. Rxd8+ Qxd8 19. Rd1 Qc7 20. Bb3 h6 21.
Bd2 Qc6 22. Qf1 Rd8 23. Bc2 Ne7 24. Bc1 Rxd1 25. Qxd1 Qd6 26. Qxd6 Bxd6 27. Nd2
Nc6 28. Nde4 Nxe4 29. Bxe4 Kf8 30. Kf1 Ke7 31. Ke2 f5 32. Bf3 Be5 33. Bd2 Kd7
34. Nd1 a5 35. Bc3 Bxc3 36. Nxc3 Ba6+ 37. Ke1 Kd6 38. Bxc6 Kxc6 39. f4 Kc5 40.
g3 Kb4 41. Kd2 Bc4 42. h4 Bb3 43. e4 fxe4 44. Nxe4 Bxa4 45. g4 Kb3 46. Kc1 Kc4
47. f5 exf5 48. gxf5 Bd7 49. h5 Kd4 50. f6 Be6 0-1

[Event "Bad Wörishofen op 2012 28th"]
[Site "Bad Wörishofen (2.3.-10.3)"]
[Date "2012.03.09"]
[Round "8.18"]
[White "Weisenburger, Horst"]
[Black "Wichmann, Cliff"]
[Result "0-1"]
[WhiteElo "2100"]
[BlackElo "2276"]
[PlyCount "100"]
[EventDate "2012.03.??"]
[EventType "swiss"]
[EventRounds "9"]
[EventCountry "GER"]
[SourceDate "2013.02.18"]
[WhiteTeam "Böblingen SC"]
[BlackTeam "Aue Nickelhütte ESV"]

1. f4 d5 2. Nf3 g6 3. g3 Bg7 4. Bg2 Nf6 5. d3 O-O 6. O-O Nc6 7. Nc3 d4 8. Ne4
Nd5 9. Bd2 f5 10. Neg5 h6 11. Nh3 Qd6 12. Qc1 Be6 13. c3 dxc3 14. bxc3 Rae8 15.
Nf2 Nf6 16. Ne5 Nxe5 17. fxe5 Qxe5 18. Bxh6 Bd5 19. e4 fxe4 20. dxe4 Bc4 21.
Rd1 Qh5 22. Bxg7 Kxg7 23. Qe3 Rh8 24. h3 Be6 25. e5 Nd7 26. g4 Qh4 27. Rd4 c5
28. Rd2 Nb6 29. Qxc5 Rc8 30. Qd4 Rc4 31. Qd3 Rf4 32. Ne4 Bxg4 33. Rf2 Bf5 34.
Rxf4 Qxf4 35. Rf1 Qxe5 36. Re1 Nd5 37. Qb5 Rh4 38. c4 Bxe4 39. Rxe4 Rxe4 40.
Bxe4 Qd4+ 41. Kh2 Nc3 42. Qb2 Qxc4 43. Bd5 Qc7+ 44. Kg2 b6 45. a3 e5 46. Bf3
Qc4 47. Kg3 Qf4+ 48. Kg2 Qd4 49. Kh2 Qe3 50. Bg2 Ne2 0-1

[Event "Bad Wörishofen op 2012 28th"]
[Site "Bad Wörishofen (2.3.-10.3)"]
[Date "2012.03.09"]
[Round "8.21"]
[White "Jameson, David"]
[Black "Schelle, Artur"]
[Result "0-1"]
[WhiteElo "2067"]
[BlackElo "2169"]
[PlyCount "48"]
[EventDate "2012.03.??"]
[EventType "swiss"]
[EventRounds "9"]
[EventCountry "GER"]
[SourceDate "2013.02.18"]
[WhiteTeam "Starnberg SC"]
[BlackTeam "München Tarrasch SC"]

1. d4 f5 2. Nf3 Nf6 3. g3 g6 4. Bg2 Bg7 5. O-O O-O 6. c4 d6 7. Nc3 Nc6 8. d5
Ne5 9. Nxe5 dxe5 10. e4 f4 11. b3 a6 12. Qc2 Nh5 13. Qe2 Qd7 14. Bf3 Qh3 15.
Bg2 Qd7 16. Bf3 b5 17. Rb1 Nf6 18. gxf4 Qh3 19. Bg2 Qh4 20. f3 Nh5 21. Qe1 Qf6
22. fxe5 Qxe5 23. d6 Qxd6 24. Be3 Be5 0-1

[Event "Bad Wörishofen op 2012 28th"]
[Site "Bad Wörishofen (2.3.-10.3)"]
[Date "2012.03.09"]
[Round "8.22"]
[White "Santl, Anton"]
[Black "Pfretzschner, Roland"]
[Result "1/2-1/2"]
[WhiteElo "2002"]
[BlackElo "2166"]
[PlyCount "69"]
[EventDate "2012.03.??"]
[EventType "swiss"]
[EventRounds "9"]
[EventCountry "GER"]
[SourceDate "2013.02.18"]
[WhiteTeam "München SU"]
[BlackTeam "Plauen König SK"]

1. Nf3 c5 2. c4 Nc6 3. Nc3 e5 4. g3 g6 5. Bg2 Bg7 6. O-O Nge7 7. d3 O-O 8. Rb1
d6 9. a3 a5 10. Ne1 Be6 11. Nd5 Rb8 12. Nc2 b5 13. Nxe7+ Nxe7 14. Ne3 d5 15.
cxd5 Nxd5 16. Qc2 Rc8 17. b3 f5 18. Nxd5 Bxd5 19. Bxd5+ Qxd5 20. a4 c4 21. axb5
cxd3 22. Qd2 e4 23. exd3 Bc3 24. Qg5 Qxd3 25. Ba3 Bd2 26. Qe7 Rfe8 27. Qf6 e3
28. Bb2 exf2+ 29. Kg2 Bc3 30. Bxc3 Rxc3 31. Rxf2 Re2 32. Rbf1 Qf3+ 33. Kh3 Qg4+
34. Kg2 Qf3+ 35. Kh3 1/2-1/2

[Event "Bad Wörishofen op 2012 28th"]
[Site "Bad Wörishofen (2.3.-10.3)"]
[Date "2012.03.09"]
[Round "8.23"]
[White "Baeuml, Ulrich"]
[Black "Kannenberg, Karl-Heinz"]
[Result "1-0"]
[WhiteElo "2044"]
[BlackElo "2139"]
[PlyCount "73"]
[EventDate "2012.03.??"]
[EventType "swiss"]
[EventRounds "9"]
[EventCountry "GER"]
[SourceDate "2013.02.18"]
[WhiteTeam "Dillingen SC"]
[BlackTeam "Kitzingen SC"]

1. c4 Nf6 2. g3 c6 3. Bg2 d5 4. Qc2 g6 5. d3 Bg7 6. Nf3 O-O 7. O-O Nbd7 8. Nbd2
e5 9. Rb1 Re8 10. e4 dxe4 11. Nxe4 Nxe4 12. dxe4 Nc5 13. Rd1 Qc7 14. Be3 Ne6
15. c5 b6 16. b4 Ba6 17. h4 Rad8 18. Rbc1 Rxd1+ 19. Rxd1 Bf8 20. Bh3 Bc8 21.
Kh2 bxc5 22. bxc5 h6 23. Qc3 Bg7 24. Rd6 Nd4 25. Nxd4 exd4 26. Bxd4 Bf8 27.
Bxc8 Bxd6 28. cxd6 Qxd6 29. e5 Qd5 30. Ba6 c5 31. Bxc5 Qxa2 32. e6 f5 33. e7 h5
34. Bf1 Kh7 35. Bc4 Qa4 36. Bf7 Rc8 37. Qf6 1-0

[Event "Bad Wörishofen op 2012 28th"]
[Site "Bad Wörishofen (2.3.-10.3)"]
[Date "2012.03.09"]
[Round "8.24"]
[White "Hoeller, Armin"]
[Black "Schulz, Michael(58)"]
[Result "1-0"]
[WhiteElo "2033"]
[BlackElo "2070"]
[PlyCount "41"]
[EventDate "2012.03.??"]
[EventType "swiss"]
[EventRounds "9"]
[EventCountry "GER"]
[SourceDate "2013.02.18"]
[WhiteTeam "Bad Aibling SK"]
[BlackTeam "München Bayern FC"]

1. e4 e6 2. d4 d5 3. Nd2 Nf6 4. e5 Nfd7 5. Bd3 c5 6. c3 Nc6 7. Ne2 cxd4 8. cxd4
f6 9. Nf4 Qe7 10. O-O Nxd4 11. exf6 Qxf6 12. Nb3 Nxb3 13. axb3 Ne5 14. Bb5+ Kf7
15. Ra4 g5 16. Nh5 Qg6 17. f4 Bc5+ 18. Kh1 Nc6 19. fxg5+ Ke7 20. Rf6 Qb1 21.
Bd3 1-0

[Event "Bad Wörishofen op 2012 28th"]
[Site "Bad Wörishofen (2.3.-10.3)"]
[Date "2012.03.09"]
[Round "8.25"]
[White "Babar, Michael"]
[Black "Stull, Norbert"]
[Result "1-0"]
[WhiteElo "2161"]
[BlackElo "1912"]
[PlyCount "89"]
[EventDate "2012.03.??"]
[EventType "swiss"]
[EventRounds "9"]
[EventCountry "GER"]
[SourceDate "2013.02.18"]
[WhiteTeam "Dortmund Hansa SC"]
[BlackTeam "FRA/Frankreich Differdange"]
[BlackTeamCountry "FRA"]

1. f4 Nf6 2. Nf3 g6 3. g3 Bg7 4. Bg2 O-O 5. O-O c5 6. d3 Nc6 7. c3 d6 8. Na3
Rb8 9. e4 b5 10. Nh4 Bd7 11. Nc2 Ne8 12. d4 b4 13. Be3 bxc3 14. bxc3 cxd4 15.
cxd4 Nc7 16. Qd2 Rb2 17. Qc3 Rxc2 18. Qxc2 Nxd4 19. Qf2 Ncb5 20. Rad1 e5 21. f5
Bc6 22. Rc1 Qa5 23. f6 Bh8 24. Bxd4 Nxd4 25. Nf3 Bb5 26. Nxd4 exd4 27. Rfd1 d3
28. Bf1 Qa3 29. Qd4 Qxa2 30. Bxd3 Bxd3 31. Rxd3 Qe6 32. Rf3 h5 33. Rc6 Rd8 34.
Rf4 Qd7 35. Ra6 Rc8 36. Rxd6 Rc1+ 37. Kg2 Rc2+ 38. Rf2 Qc7 39. e5 Qb7+ 40. Qd5
Rxf2+ 41. Kxf2 Qb2+ 42. Kf3 Qc3+ 43. Kg2 Qc2+ 44. Qd2 Qc4 45. Kg1 1-0

[Event "Bad Wörishofen op 2012 28th"]
[Site "Bad Wörishofen (2.3.-10.3)"]
[Date "2012.03.09"]
[Round "8.26"]
[White "Leiber, Bernard"]
[Black "Klamp, Christoph"]
[Result "1/2-1/2"]
[WhiteElo "2119"]
[BlackElo "2024"]
[PlyCount "31"]
[EventDate "2012.03.??"]
[EventType "swiss"]
[EventRounds "9"]
[EventCountry "GER"]
[SourceDate "2013.02.18"]
[WhiteTeam "Osnabrück SV"]
[BlackTeam "Darmstadt Schachforum SV"]

1. Nf3 f5 2. g3 Nf6 3. Bg2 d6 4. d4 g6 5. O-O Bg7 6. Nc3 O-O 7. Re1 Nc6 8. d5
Ne5 9. Nd4 Bd7 10. f4 Nc4 11. Qd3 Nb6 12. b3 Qc8 13. Bb2 c5 14. dxc6 bxc6 15.
Nf3 c5 16. e3 1/2-1/2

[Event "Bad Wörishofen op 2012 28th"]
[Site "Bad Wörishofen (2.3.-10.3)"]
[Date "2012.03.09"]
[Round "8.27"]
[White "Remensberger, Paul"]
[Black "Ballon, Guenther Jan"]
[Result "0-1"]
[WhiteElo "2122"]
[BlackElo "2164"]
[PlyCount "124"]
[EventDate "2012.03.??"]
[EventType "swiss"]
[EventRounds "9"]
[EventCountry "GER"]
[SourceDate "2013.02.18"]
[WhiteTeam "SUI/Schweiz"]
[BlackTeam "NED/Niederlande"]
[WhiteTeamCountry "SUI"]
[BlackTeamCountry "NED"]

1. d4 d5 2. Nf3 Bf5 3. g3 e6 4. Bg2 Nf6 5. O-O Bd6 6. c4 c6 7. Qb3 Qb6 8. c5
Qxb3 9. axb3 Bc7 10. Nc3 Nbd7 11. Bf4 Bxf4 12. gxf4 O-O 13. b4 a6 14. Ra3 h6
15. Rfa1 Rac8 16. Nd2 Nh5 17. e3 g5 18. fxg5 hxg5 19. e4 Bg6 20. Ne2 Kg7 21.
Rf1 f5 22. exf5 exf5 23. f4 Rce8 24. Rf2 g4 25. b5 axb5 26. Ra7 Rb8 27. Nb3
Ndf6 28. Na5 Rf7 29. Nc1 Ne4 30. Rf1 Nd2 31. Rf2 Nc4 32. Nd3 Nxa5 33. Rxa5 Re7
34. Ne5 Be8 35. Ra7 Kf6 36. b4 Ng7 37. Ra3 Ne6 38. h3 gxh3 39. Rxh3 Nxd4 40.
Bxd5 cxd5 41. Rg2 Rxe5 42. Rh6+ Ke7 43. fxe5 Ne6 44. Rg8 Rd8 45. Kf2 Bf7 46.
Rxd8 Nxd8 47. Rb6 Be8 48. Rh6 Nc6 49. Ke3 Nxe5 50. Rh7+ Nf7 51. Kf4 Kf6 52. Rh1
Nd8 53. Rh6+ Bg6 54. Rh8 Ne6+ 55. Ke3 f4+ 56. Kf2 Be4 57. Rh6+ Ke5 58. Rh5+ Kd4
59. Rh6 Nd8 60. Rd6 Nc6 61. Rd7 Nxb4 62. Rxb7 Kxc5 0-1

[Event "Bad Wörishofen op 2012 28th"]
[Site "Bad Wörishofen (2.3.-10.3)"]
[Date "2012.03.09"]
[Round "8.29"]
[White "Valet, Richard"]
[Black "Behling, Robert"]
[Result "1/2-1/2"]
[WhiteElo "1938"]
[BlackElo "2066"]
[PlyCount "34"]
[EventDate "2012.03.??"]
[EventType "swiss"]
[EventRounds "9"]
[EventCountry "GER"]
[SourceDate "2013.02.18"]
[WhiteTeam "Greifswalder SV"]
[BlackTeam "Augsburg Caissa SK"]

1. e4 c6 2. d4 d5 3. exd5 cxd5 4. Bd3 Nc6 5. c3 Nf6 6. Bf4 Bg4 7. Qb3 Qd7 8.
Nd2 e6 9. Ngf3 Bxf3 10. Nxf3 Bd6 11. Bxd6 Qxd6 12. O-O O-O 13. Rfe1 Rab8 14.
Ne5 Rfc8 15. Re3 b5 16. a3 Qc7 17. f4 g6 1/2-1/2

[Event "Bad Wörishofen op 2012 28th"]
[Site "Bad Wörishofen (2.3.-10.3)"]
[Date "2012.03.09"]
[Round "8.30"]
[White "Fehr, Axel Dr"]
[Black "Urban, Rudolf"]
[Result "1-0"]
[WhiteElo "2132"]
[BlackElo "1836"]
[PlyCount "71"]
[EventDate "2012.03.??"]
[EventType "swiss"]
[EventRounds "9"]
[EventCountry "GER"]
[SourceDate "2013.02.18"]
[WhiteTeam "SUI/Chur SC(Brackweder SK)"]
[BlackTeam "München RTA"]
[WhiteTeamCountry "SUI"]

1. c4 c6 2. d4 Nf6 3. Nc3 d5 4. e3 e6 5. Nf3 Nbd7 6. Qc2 Bd6 7. Bd2 a6 8. h3
Qe7 9. Bd3 dxc4 10. Bxc4 e5 11. O-O-O b5 12. dxe5 Nxe5 13. Nxe5 Bxe5 14. Bb3
Be6 15. Nxb5 O-O 16. Nd4 Bxd4 17. exd4 Bxb3 18. Qxb3 Rfb8 19. Rhe1 Qd7 20. Qc4
Nd5 21. Re5 a5 22. a3 Rb5 23. Bc3 Rab8 24. Rde1 h6 25. R1e4 a4 26. Re2 Rb3 27.
Qxa4 Kh7 28. Rc2 R3b5 29. Qc4 Rd8 30. Bd2 f6 31. Qd3+ Kh8 32. Re2 Rdb8 33. Qc4
Qd6 34. b4 Ra8 35. Kb2 Rba5 36. bxa5 1-0

[Event "Bad Wörishofen op 2012 28th"]
[Site "Bad Wörishofen (2.3.-10.3)"]
[Date "2012.03.09"]
[Round "8.31"]
[White "Sibler, Sebastian"]
[Black "Neumann, Joachim(43)"]
[Result "1-0"]
[WhiteElo "1895"]
[BlackElo "2015"]
[PlyCount "85"]
[EventDate "2012.03.??"]
[EventType "swiss"]
[EventRounds "9"]
[EventCountry "GER"]
[SourceDate "2013.02.18"]
[WhiteTeam "Mülheim-Nord SV"]
[BlackTeam "Neumünster Agon SC"]

1. d4 c5 2. d5 g6 3. e4 Bg7 4. f4 d6 5. c4 e5 6. Nc3 Ne7 7. Nf3 Bg4 8. h3 Bxf3
9. Qxf3 f5 10. Bd3 O-O 11. O-O Nd7 12. exf5 Nxf5 13. Bxf5 gxf5 14. Rb1 e4 15.
Qg3 Kh8 16. Ne2 Rg8 17. Qf2 Qe7 18. Bd2 Rad8 19. Qe3 Bf6 20. Bc3 Qg7 21. Rf2 a6
22. Kh2 b5 23. Bxf6 Qxf6 24. b3 b4 25. Ng3 Rg6 26. Rg1 Rdg8 27. Nf1 Qg7 28. Qe2
Nf6 29. Ne3 Ng4+ 30. hxg4 Qh6+ 31. Kg3 Rxg4+ 32. Nxg4 Rxg4+ 33. Qxg4 fxg4 34.
Re2 Qf6 35. Rge1 Qc3+ 36. Re3 Qc2 37. R1e2 Qb1 38. Rxe4 a5 39. Kxg4 a4 40. bxa4
b3 41. axb3 Qxb3 42. a5 Qa4 43. Kg5 1-0

[Event "Bad Wörishofen op 2012 28th"]
[Site "Bad Wörishofen (2.3.-10.3)"]
[Date "2012.03.09"]
[Round "8.34"]
[White "Guttenthaler, Franz"]
[Black "Woerl, Richard"]
[Result "0-1"]
[WhiteElo "2153"]
[BlackElo "1961"]
[PlyCount "138"]
[EventDate "2012.03.??"]
[EventType "swiss"]
[EventRounds "9"]
[EventCountry "GER"]
[SourceDate "2013.02.18"]
[WhiteTeam "Germering SK"]
[BlackTeam "Nürnberg Süd SW"]

1. d4 d5 2. c4 e6 3. Nf3 Nf6 4. g3 c6 5. Bg2 Bd6 6. Qc2 Nbd7 7. O-O Ne4 8. Nc3
f5 9. Rb1 Qe7 10. Rd1 O-O 11. Bf4 Ndf6 12. Bxd6 Qxd6 13. Ne5 Bd7 14. b4 Nxc3
15. Qxc3 a6 16. c5 Qc7 17. a4 Rfc8 18. Rd3 Be8 19. h3 Qe7 20. g4 Ne4 21. Bxe4
fxe4 22. Re3 Qg5 23. f3 Bg6 24. Nxg6 Qxg6 25. fxe4 Rf8 26. Qd3 Qh6 27. e5 Rf4
28. Rf3 Rxf3 29. exf3 Qxh3 30. Qf1 Qg3+ 31. Qg2 Qf4 32. Qf2 h5 33. gxh5 Rf8 34.
Kf1 Rf5 35. Ke2 Rxh5 36. Rg1 Rh2 37. Rg2 Rxg2 38. Qxg2 Qxd4 39. Qg5 Qxb4 40.
Qd8+ Kh7 41. Qd6 Qc4+ 42. Kf2 d4 43. Qe7 Qd5 44. Qg5 Qd7 45. Ke2 d3+ 46. Kd2
Kg8 47. Qg6 a5 48. f4 Qf7 49. Qg5 Qf8 50. Qg4 Qf5 51. Qh4 Kf7 52. Ke3 Ke8 53.
Qh8+ Qf8 54. Qh7 d2 55. Qh5+ Kd7 56. Kxd2 Qxf4+ 57. Kc3 Qb4+ 58. Kd3 Qxc5 59.
Qf7+ Qe7 60. Qf4 Kc7 61. Ke2 g5 62. Qc4 Qd7 63. Qc5 Qd5 64. Qe7+ Kb6 65. Qxg5
Qc4+ 66. Kd2 Qxa4 67. Qd8+ Ka7 68. Qc7 Qb4+ 69. Kc2 a4 0-1

[Event "Bad Wörishofen op 2012 28th"]
[Site "Bad Wörishofen (2.3.-10.3)"]
[Date "2012.03.09"]
[Round "8.36"]
[White "Roth, Martin(66)"]
[Black "Blaeser, Romain"]
[Result "1-0"]
[WhiteElo "2070"]
[BlackElo "1869"]
[PlyCount "77"]
[EventDate "2012.03.??"]
[EventType "swiss"]
[EventRounds "9"]
[EventCountry "GER"]
[SourceDate "2013.02.18"]
[WhiteTeam "Laupheim SC"]
[BlackTeam "LUX/Luxemburg"]
[BlackTeamCountry "LUX"]

1. d4 g6 2. c4 Bg7 3. Nc3 d6 4. e4 e6 5. Be3 Nd7 6. Qd2 b6 7. d5 Nc5 8. Nge2
Ne7 9. f3 O-O 10. Nd4 Bd7 11. b4 Nb7 12. a3 a5 13. Rb1 axb4 14. axb4 exd5 15.
cxd5 f5 16. Bd3 fxe4 17. Bxe4 Ra3 18. O-O Nf5 19. Bxf5 Bxf5 20. Ra1 Rxa1 21.
Rxa1 Qh4 22. Qf2 Qe7 23. Ncb5 Re8 24. Ra3 Rc8 25. Nxf5 gxf5 26. h3 Qd7 27. Nd4
Nd8 28. Ra7 Qf7 29. Qa2 f4 30. Bf2 Qd7 31. Qc4 Nf7 32. Ne6 Ne5 33. Qxf4 Ng6 34.
Qg4 Ne5 35. Qxg7+ Qxg7 36. Nxg7 Kxg7 37. Bxb6 Kg6 38. Bxc7 Nd3 39. b5 1-0

[Event "Bad Wörishofen op 2012 28th"]
[Site "Bad Wörishofen (2.3.-10.3)"]
[Date "2012.03.09"]
[Round "8.37"]
[White "Matzat, Andre"]
[Black "Hipp, Hermann"]
[Result "1-0"]
[WhiteElo "2024"]
[BlackElo "1843"]
[PlyCount "135"]
[EventDate "2012.03.??"]
[EventType "swiss"]
[EventRounds "9"]
[EventCountry "GER"]
[SourceDate "2013.02.18"]
[WhiteTeam "Borbeck Weiße Dame"]
[BlackTeam "Marktoberdorf SK"]

1. d4 d5 2. Bf4 Nf6 3. e3 g6 4. Nf3 Bg7 5. c3 O-O 6. Nbd2 Nbd7 7. Be2 c5 8. O-O
Nh5 9. Bg5 cxd4 10. exd4 h6 11. Be3 Nhf6 12. Re1 Re8 13. Qb3 Qb6 14. Bb5 a6 15.
Bd3 Qxb3 16. axb3 Ng4 17. Bf4 h5 18. h3 Nh6 19. b4 Nb8 20. Ra5 e6 21. Rxd5 Bd7
22. Ra5 Nc6 23. Raa1 Nf5 24. b5 axb5 25. Bxb5 Nfe7 26. Ne4 Nd5 27. Bg3 b6 28.
Nd6 Rf8 29. Ba6 Na5 30. Bb5 Bxb5 31. Nxb5 Nb3 32. Ra3 Rxa3 33. Nxa3 Ra8 34. Bd6
Bf8 35. Bxf8 Kxf8 36. c4 Nb4 37. Re5 Ra5 38. Rb5 Rxb5 39. Nxb5 Nd3 40. Ne5 Nxe5
41. dxe5 Nc5 42. Nc3 Ke7 43. Kf1 Nd3 44. Na4 b5 45. cxb5 Nxe5 46. Ke2 Kd6 47.
f4 Nd7 48. Ke3 Nf6 49. g3 Nd5+ 50. Ke4 f5+ 51. Kf3 Nf6 52. h4 Ne4 53. Nc3 Nd2+
54. Ke2 Nc4 55. Kd3 Nb6 56. Kd4 Nd7 57. Nb1 e5+ 58. fxe5+ Nxe5 59. Nd2 Nd7 60.
Nc4+ Ke6 61. b6 f4 62. gxf4 Kf5 63. Ke3 Nf6 64. b7 Nd7 65. Ne5 Nb8 66. b4 Na6
67. Nc6 Kg4 68. b5 1-0

[Event "Bad Wörishofen op 2012 28th"]
[Site "Bad Wörishofen (2.3.-10.3)"]
[Date "2012.03.09"]
[Round "8.38"]
[White "Marian, Hartmut"]
[Black "Bartels, Holger"]
[Result "1-0"]
[WhiteElo "1966"]
[BlackElo "2046"]
[PlyCount "143"]
[EventDate "2012.03.??"]
[EventType "swiss"]
[EventRounds "9"]
[EventCountry "GER"]
[SourceDate "2013.02.18"]
[WhiteTeam "Germering SK"]
[BlackTeam "Hamburg Diogenes SC"]

1. d4 d5 2. c4 e6 3. Nc3 Nf6 4. cxd5 exd5 5. Bg5 Be7 6. e3 c6 7. Bd3 O-O 8.
Nge2 Nbd7 9. Qc2 Re8 10. O-O Nf8 11. f3 g6 12. Rad1 Ne6 13. Bh4 a6 14. f4 Ng4
15. Bf2 Bf6 16. h3 Nxf2 17. Kxf2 c5 18. f5 Ng7 19. fxg6 hxg6 20. Kg1 Bg5 21.
dxc5 Bxe3+ 22. Kh1 Qh4 23. Ng1 Bf5 24. Nf3 Qd8 25. g4 Be6 26. Be4 Qc7 27. Nxd5
Bxd5 28. Bxd5 Ne6 29. c6 Rac8 30. Nd4 Bxd4 31. Rxd4 bxc6 32. Rc4 Qg3 33. Bg2 c5
34. Qa4 Nd4 35. Rxc5 Rcd8 36. Rd5 Ne2 37. Rxd8 Rxd8 38. Qc4 Qe3 39. Qxf7+ Kh8
40. Qf6+ Kh7 41. Qxd8 Ng3+ 42. Kh2 Nxf1+ 43. Bxf1 Qf2+ 44. Bg2 Qf4+ 45. Kg1
Qe3+ 46. Kf1 Qf4+ 47. Ke2 Qe5+ 48. Kd1 Qxb2 49. Qd7+ Kh8 50. Qd2 Qa1+ 51. Ke2
Qe5+ 52. Kf3 Qf6+ 53. Qf4 Qc3+ 54. Qe3 Qf6+ 55. Kg3 Kh7 56. h4 Qd6+ 57. Kh3 Kg7
58. Qc3+ Kg8 59. Qc4+ Kg7 60. Qd5 Qb6 61. Kh2 a5 62. Qe5+ Kh7 63. Bd5 Qb4 64.
Qe4 Qd2+ 65. Qg2 Qe1 66. Kh3 Qe7 67. Qf3 Kg7 68. g5 Qd7+ 69. Kg2 Qe7 70. Qf6+
Qxf6 71. gxf6+ Kxf6 72. Kf3 1-0

[Event "Bad Wörishofen op 2012 28th"]
[Site "Bad Wörishofen (2.3.-10.3)"]
[Date "2012.03.09"]
[Round "8.40"]
[White "Spanton, Tim R"]
[Black "Schiffer, Steve"]
[Result "1-0"]
[WhiteElo "1961"]
[BlackElo "1990"]
[PlyCount "45"]
[EventDate "2012.03.??"]
[EventType "swiss"]
[EventRounds "9"]
[EventCountry "GER"]
[SourceDate "2013.02.18"]
[WhiteTeam "ENG/England"]
[BlackTeam "Darmstadt Schachforum SV"]
[WhiteTeamCountry "ENG"]

1. c4 g6 2. g3 Bg7 3. Bg2 Nf6 4. Nc3 d6 5. e4 c6 6. Nge2 e5 7. O-O O-O 8. f4
exf4 9. Nxf4 Na6 10. d3 Bg4 11. Bf3 Qb6+ 12. Kg2 Bxf3+ 13. Qxf3 Nd7 14. Qe2
Rae8 15. Be3 Nac5 16. Rab1 Qc7 17. Rbc1 Ne6 18. Nxe6 Rxe6 19. Qd2 Rfe8 20. Bg5
Ne5 21. Nd5 Qd7 22. Nf4 Nxc4 23. Rxc4 1-0

[Event "Bad Wörishofen op 2012 28th"]
[Site "Bad Wörishofen (2.3.-10.3)"]
[Date "2012.03.09"]
[Round "8.41"]
[White "Haugg, Gerhard(63)"]
[Black "Heinich, Manfred"]
[Result "1/2-1/2"]
[WhiteElo "1812"]
[BlackElo "1939"]
[PlyCount "52"]
[EventDate "2012.03.??"]
[EventType "swiss"]
[EventRounds "9"]
[EventCountry "GER"]
[SourceDate "2013.02.18"]
[WhiteTeam "Kötz/Ichenhausen Spgem"]
[BlackTeam "München Blinden SC (DBSB)"]

1. d4 Nf6 2. c4 c5 3. d5 b5 4. cxb5 a6 5. bxa6 g6 6. Nc3 Bxa6 7. Nf3 Bg7 8. e4
Bxf1 9. Kxf1 d6 10. g3 Nbd7 11. Kg2 O-O 12. Re1 Ra6 13. Qe2 Qa8 14. Rd1 h6 15.
a3 Nb6 16. Rb1 Rc8 17. Qc2 Na4 18. Re1 Nd7 19. Nxa4 Rxa4 20. b3 Ra6 21. Nd2 e6
22. dxe6 fxe6 23. f3 Kh7 24. Qd3 Ne5 25. Qe2 Nc6 26. Qd3 Nd4 1/2-1/2

[Event "Bad Wörishofen op 2012 28th"]
[Site "Bad Wörishofen (2.3.-10.3)"]
[Date "2012.03.09"]
[Round "8.42"]
[White "Mircoli, Filippo"]
[Black "Koelbl, Wolfgang"]
[Result "0-1"]
[WhiteElo "1491"]
[BlackElo "1896"]
[PlyCount "58"]
[EventDate "2012.03.??"]
[EventType "swiss"]
[EventRounds "9"]
[EventCountry "GER"]
[SourceDate "2013.02.18"]
[WhiteTeam "ITA/Italien"]
[BlackTeam "Klosterlechfeld SK"]
[WhiteTeamCountry "ITA"]

1. e4 c6 2. d4 d6 3. Nf3 Bg4 4. Be2 Nf6 5. Nc3 Nbd7 6. h3 Bxf3 7. Bxf3 e5 8.
O-O Be7 9. Be3 O-O 10. Qd2 Qc7 11. Rad1 Rad8 12. a4 exd4 13. Bxd4 Ne5 14. Bxe5
dxe5 15. Qe3 b6 16. Be2 Bc5 17. Qg5 Bd4 18. Bd3 Qd6 19. Kh1 h6 20. Qd2 Nh5 21.
g3 Qe6 22. Kh2 Qg6 23. Qe2 Nf6 24. f4 Nh5 25. Qg4 Qxg4 26. hxg4 Nf6 27. Kh3 Rd6
28. Ne2 Rfd8 29. Rfe1 Bxb2 0-1

[Event "Bad Wörishofen op 2012 28th"]
[Site "Bad Wörishofen (2.3.-10.3)"]
[Date "2012.03.09"]
[Round "8.43"]
[White "Guenther, Thomas(63)"]
[Black "Gulde, Josef"]
[Result "1/2-1/2"]
[WhiteElo "1977"]
[BlackElo "1905"]
[PlyCount "39"]
[EventDate "2012.03.??"]
[EventType "swiss"]
[EventRounds "9"]
[EventCountry "GER"]
[SourceDate "2013.02.18"]
[WhiteTeam "Berlin Lichtenrade SC"]
[BlackTeam "Krumbach SK"]

1. d4 Nf6 2. Nf3 d5 3. c4 e6 4. Bg5 c6 5. Nc3 dxc4 6. e4 b5 7. a4 Qb6 8. e5 Nd5
9. Ne4 h6 10. Bd2 Bb7 11. Be2 a6 12. b3 cxb3 13. Qxb3 Nd7 14. O-O Be7 15. Nc3
Nxc3 16. Bxc3 O-O 17. Rfd1 Rad8 18. Rdb1 Rc8 19. Qd1 Bd8 20. Qe1 1/2-1/2